| 000 | 00460nam a22001817a 4500 | ||
|---|---|---|---|
| 005 | 20200520131205.0 | ||
| 008 | 200520b xxu||||| |||| 00| 0 eng d | ||
| 020 | _a9788174733962 | ||
| 041 | _aeng | ||
| 082 | _a617.52 TEG | ||
| 100 |
_aTegginamani Anand, S _95605 |
||
| 245 | _aOral Pathology : A Complete solved Question Bank | ||
| 250 | _a1'st | ||
| 260 |
_aDelhi _bAITBS PUBLISHERS _c2009 |
||
| 300 | _a158, V | ||
| 650 |
_aPharmacy _95606 |
||
| 942 | _cBK | ||
| 999 |
_c6326 _d6324 |
||